000 00843nam a2200229 a 4500
001 000024525
005 20200930023223.0
008 110128s1988 mx r 001 0 spa d
020 _a9681628101
040 _aDO-SdBNP
_bspa
_cBNPHU
041 1 7 _aspa
_heng
_2Código de idiomas MARC
082 _ann*
_bnn*
100 1 _aKlein, Lawrence R.
_950256
240 1 4 _aThe economics of supply and demand.
_lEspañol
245 1 3 _aLa economía de la oferta y la demanda /
_cLawrence R. Klein ; traducción de Eduardo L. Suárez.
260 _aMéxico, D. F. :
_bFondo de Cultura Económica,
_c1988.
300 _a191 p. ;
_c21 cm.
500 _aIncluye referencias bibliográficas y notas al pie de las páginas.
534 _aTítulo original :
_tThe economics of supply and demand
700 1 _aSuárez, Eduardo L.,
_etr.
_950257
049 _aBNGR
999 _c24018
_d24018